A magyarországi bankok működésének vizsgálata A pénzforgalom, hitelállomány és lakossági banki szolgáltatások elemzése

Bibliográfiai részletek
Szerző: Szalisznyó Attila
További közreműködők: Sugár Dr. András
Dokumentumtípus: Diplomadolgozat
Kulcsszavak:pénzforgalom
hitelállomány
Statisztika
Online Access:http://dolgozattar.uni-bge.hu/6285

MARC

LEADER 00000nta a2200000 i 4500
001 dolg6285
005 20200409145406.0
008 160514suuuu hu om 000 hun d
040 |a BGE Dolgozattár Repozitórium  |b hun 
041 |a hu 
100 1 |a Szalisznyó Attila 
245 1 2 |a A magyarországi bankok működésének vizsgálata A pénzforgalom, hitelállomány és lakossági banki szolgáltatások elemzése  |c Szalisznyó Attila  |h [elektronikus dokumentum] 
246 1 1 |a A magyarországi bankok működésének vizsgálata A pénzforgalom, hitelállomány és lakossági banki szolgáltatások elemzése 
695 |a pénzforgalom 
695 |a hitelállomány 
695 |a Statisztika 
700 1 |a Sugár Dr. András  |e ths 
856 4 0 |u http://dolgozattar.uni-bge.hu/6285/1/SZAKDOLGOZAT_al%C3%A1%C3%ADrt.pdf  |z Dokumentum-elérés 
856 4 0 |u http://dolgozattar.uni-bge.hu/6285/7/PSZK_Nyilatkozat-szakdolgozat-nyilvanossa-tetelerol_Szalisznyo.pdf  |z Dokumentum-elérés